LEADER 01587nam a2200337 i 4500 001 000000105229 003 CaOOAMICUS 005 20250724085554.0 008 150825s1987 be u000 u lat u 020 $a2-503-03132-3 040 $aSeMil$bita 100 1 $aAbaelardus, Petrus,$d<1079-1142>.$0(OLS)http://semarc/name/880 245 10$a3: Theologia summi boni ; Theologia scholarium /$ccura et studio É. M. Buytaert et C. J. Mews. 260 $aTurnhout :$bBrepols,$c1987. 300 $a613 p. ;$c26 cm. 490 0 $aCorpus Christianorum. Continuatio Mediaevalis ;$v13. 500 $aTheologia scholarium, p. 203-549 501 $aTheologia summi boni, p. 39-201 700 1 $aMews, Constant J.$0(OLS)http://semarc/name/42155 700 1 $aBuytaert, Éloi Marie,$c.$0(OLS)http://semarc/name/288 773 0 $aAbaelardus, Petrus <1079-1142>$tPetri Abaelardi Opera theologica.$dTurnholti : Brepols, 1969-$kCorpus Christianorum. Continuatio Mediaevalis$g3$w()1005 830 0$aCorpus Christianorum. Continuatio Mediaevalis ;$v13.$0(OLS)http://semarc/title/35 850 $aSeMil 852 $aSeMil$W1$xVenegono$y1$mSL2.F CC.CM 13$j260203$B61486$CSeMilBibl$Z2$F70874 $8I 900 1 $aPietro : Abelardo,$d<1079-1142>. 961 $aSottoscrizione: Brepols 996 $6020$a2-503-03132-3$9(OLS)http://semarc/number/85249 996 $6245$a3: Theologia summi boni ; Theologia scholarium$9(OLS)http://semarc/title/152385 996 $6260$aTurnhout :$bBrepols$9(OLS)http://semarc/publisher/29626 LEADER 01621nam a2200301 i 4500 001 000000171150 003 CaOOAMICUS 005 20080421000000.0 008 080421s2007 fr u000 u fre u 013 $a148574 020 $a978-2-7116-1965-8 040 $aSeMil$bita 100 1 $aBlignières, Louis-Marie : de.$0(OLS)http://semarc/name/64018 245 13$aLe mystère de l'être :$bl'approche thomiste de Guérard des Lauriers : avec la traduction de tous les textes où saint Thomas traite de la «nature de l'être» /$cpar Louis-Marie de Blignières ; préface de Serge-Thomas Bonino. 260 $aParis :$bVrin,$c2007. 300 $a454 p. ;$c24 cm. 490 0 $aBibliothèque thomiste ;$v60. 500 $aContiene : Bibliographie. 650 4$aTommaso : d'Aquino - Pensiero filosofico.$0(OLS)http://semarc/subject/871 650 4$aAnalogia dell'essere - Concezione [di] Tommaso : d'Aquino.$0(OLS)http://semarc/subject/9518 700 1 $aBonino, Serge Thomas,$c.$0(OLS)http://semarc/name/20687 830 0$aBibliothèque thomiste ;$v60.$0(OLS)http://semarc/title/124 850 $aSeMil 852 $aSeMil$W1$xVenegono$y1$m2YA D 60$j254042$B122025$CSeMilBibl$Z2$F133292 $81 961 $aSottoscrizione: Vrin 996 $6020$a978-2-7116-1965-8$9(OLS)http://semarc/number/158246 996 $6245$aLe mystère de l'être :$bl'approche thomiste de Guérard des Lauriers : avec la traduction de tous les textes où saint Thomas traite de la «nature de l'être»$9(OLS)http://semarc/title/244832 996 $6260$aParis :$bVrin$9(OLS)http://semarc/publisher/30640